[Event "Pankrac Cup 2016"]
[Site "Prague CZE"]
[Date "2016.10.18"]
[Round "5.6"]
[White "Polasek, Jaroslav"]
[Black "Istona, Martin"]
[Result "0-1"]
[WhiteTitle "IM"]
[BlackTitle "FM"]
[WhiteElo "2320"]
[BlackElo "2183"]
[WhiteFideId "300411"]
[BlackFideId "14923475"]
[EventDate "2016.09.20"]

1. e4 c5 2. c3 Nf6 3. e5 Nd5 4. Bc4 Nb6 5. Bb3 Nc6 6. d4 cxd4 7. Nf3 d5 8. exd6
Qxd6 9. Na3 dxc3 10. Qxd6 exd6 11. Nb5 Rb8 12. bxc3 a6 13. Be3 axb5 14. Bxb6 Be6
15. O-O-O Ra8 16. Rhe1 Kd7 17. Ng5 Bxb3 18. axb3 Be7 19. Nxf7 Rhf8 20. Ne5+ Nxe5
21. Rxe5 Ra1+ 22. Kc2 Rxd1 23. Rxe7+ Kxe7 24. Kxd1 Ke6 25. Kd2 g5 26. Ke3 b4 27.
cxb4 Kd5 28. Kd3 Rf4 29. Kc3 g4 30. b5 Ke5 31. Be3 Rf5 32. b6 Rh5 0-1

[Event "Pankrac Cup 2016"]
[Site "Prague CZE"]
[Date "2016.10.18"]
[Round "5.7"]
[White "Gregor, Jiri"]
[Black "Vyprachticky, David"]
[Result "0-1"]
[WhiteTitle "FM"]
[WhiteElo "2219"]
[BlackElo "2279"]
[WhiteFideId "304638"]
[BlackFideId "346209"]
[EventDate "2016.09.20"]

1. d4 Nf6 2. c4 g6 3. Nc3 Bg7 4. Nf3 O-O 5. e4 d6 6. Be2 e5 7. O-O Nc6 8. d5 Ne7
9. Ne1 Nd7 10. Nd3 f5 11. exf5 gxf5 12. f4 Ng6 13. Be3 e4 14. Nf2 Nc5 15. Qd2
Bd7 16. Kh1 Qe7 17. Rac1 a5 18. b3 Rae8 19. g3 b6 20. Rfe1 Kh8 21. Bf1 Bf6 22.
Bd4 Bxd4 23. Qxd4+ Qg7 24. Qxg7+ Kxg7 25. Re3 h5 26. Ne2 h4 27. Nd4 Kf6 28. Bh3
hxg3 29. hxg3 Rh8 30. Kg1 Reg8 31. Kf1 Rg7 32. a3 Nd3 33. Nxd3 Rxh3 34. Nf2 Rh2
35. Rc2 Rh8 36. b4 axb4 37. axb4 Ra8 38. Nh3 Ra1+ 39. Re1 Ra4 40. Rb2 Rh7 41.
Kg2 Ra3 42. Nc2 Rc3 43. Ne3 b5 44. cxb5 Bxb5 45. Rc2 Rxc2+ 46. Nxc2 Ne7 47. Ne3
c6 48. dxc6 Bxc6 49. Rd1 d5 50. b5 Bxb5 51. Nxd5+ Nxd5 52. Rxd5 Be2 53. Ng5 Ra7
54. Rd6+ Ke7 55. Re6+ Kd7 56. Re5 Ra2 57. Kg1 Bg4 58. Nxe4 fxe4 59. Rxe4 Ra3 60.
Kf2 Kd6 61. Re5 Ra2+ 62. Kg1 Bh3 63. Rh5 Be6 64. Re5 Bd5 65. Kf1 Kc5 66. Ke1 Kd4
67. Re2 Ra3 68. Rd2+ Ke4 69. Kf2 Bc4 70. Rb2 Ra1 71. g4 Kxf4 72. Rb4 Ra2+ 73.
Ke1 Ke3 74. Kd1 Bd3 75. Kc1 Rc2+ 76. Kd1 Rc3 77. Rb2 Ra3 0-1

[Event "Pankrac Cup 2016"]
[Site "Prague CZE"]
[Date "2016.10.18"]
[Round "5.8"]
[White "Dobes, Vojtech"]
[Black "Soural, Jan"]
[Result "1-0"]
[WhiteElo "2220"]
[BlackElo "2180"]
[WhiteFideId "333913"]
[BlackFideId "311928"]
[EventDate "2016.09.20"]

1. e4 c5 2. Nf3 e6 3. d4 cxd4 4. Nxd4 Nc6 5. Nc3 Qc7 6. Be2 a6 7. Be3 Nf6 8. O-O
Bb4 9. Na4 Be7 10. Nxc6 bxc6 11. Nb6 Rb8 12. Nxc8 Qxc8 13. e5 Nd5 14. Bc1 Bc5
15. c4 Ne7 16. b3 Ng6 17. Bb2 O-O 18. Bd3 Qc7 19. Qh5 a5 20. Bc2 a4 21. Qe2 Rfd8
22. g3 Qb6 23. Rfd1 axb3 24. axb3 d6 25. exd6 Rxd6 26. Rxd6 Bxd6 27. h4 Bxg3 28.
h5 Nf4 29. Qf3 Bxf2+ 30. Kf1 Bd4 31. Ra6 Qxa6 32. Bxd4 Nxh5 33. Bxh7+ Kxh7 34.
Qxh5+ Kg8 35. Qe5 f6 36. Qxb8+ Kh7 37. Qa7 Qc8 38. Bxf6 Qf8 39. Qe7 Qxf6+ 40.
Qxf6 gxf6 41. b4 1-0

[Event "Pankrac Cup 2016"]
[Site "Prague CZE"]
[Date "2016.10.18"]
[Round "5.9"]
[White "Vokoun, Jan"]
[Black "Postupa, Pavel2"]
[Result "0-1"]
[WhiteTitle "FM"]
[WhiteElo "2119"]
[BlackElo "2216"]
[WhiteFideId "301647"]
[BlackFideId "326410"]
[EventDate "2016.09.20"]

1. e4 c5 2. Be2 d6 3. f4 g6 4. Nf3 Bg7 5. O-O Nc6 6. Qe1 Nf6 7. d3 O-O 8. Kh1
Nd4 9. Bd1 Ne8 10. Nbd2 Nc7 11. c3 Nxf3 12. Nxf3 b5 13. d4 cxd4 14. cxd4 d5 15.
e5 Bg4 16. Be3 Qd7 17. a4 a6 18. Qa5 Rab8 19. Rf2 Rfc8 20. Rc1 Bf5 21. Bc2 Be4
22. Ng5 Ne6 23. Qxa6 Nxg5 24. fxg5 Rc6 25. Qa5 Rbc8 26. Qxb5 Qc7 27. h3 Bxc2 28.
Qxd5 e6 29. Qa2 Be4 30. Rcf1 Rc2 31. a5 Rxf2 32. Rxf2 Ra8 33. b4 Bf8 34. Qb3 Rb8 0-1

[Event "Pankrac Cup 2016"]
[Site "Prague CZE"]
[Date "2016.10.18"]
[Round "5.10"]
[White "Smutny, Jan"]
[Black "Hosticka, Frantisek"]
[Result "1-0"]
[WhiteElo "2163"]
[BlackElo "2184"]
[WhiteFideId "310930"]
[BlackFideId "302295"]
[EventDate "2016.09.20"]

1. e4 g6 2. d4 Bg7 3. Bc4 c6 4. Nc3 d6 5. Qf3 e6 6. Nge2 Nd7 7. O-O Ngf6 8. Bg5
Qa5 9. Qg3 e5 10. dxe5 dxe5 11. Rad1 b5 12. Bxf6 Bxf6 13. Bb3 O-O 14. f4 Kg7 15.
fxe5 Bxe5 16. Nf4 Qc7 17. Bxf7 Nc5 18. Nh5+ Kh8 19. Bxg6 Be6 20. Qh4 Bc4 21.
Rxf8+ Rxf8 22. Bf5 b4 23. b3 Ba6 24. Na4 Nxa4 25. bxa4 Be2 26. Rd2 Qb6+ 27. Kh1
Bxh5 28. Qxh5 Qc7 29. g4 Rf7 30. g5 Bc3 31. Rd3 Re7 32. Bxh7 Rxh7 33. Qe8+ Kg7
34. Rd7+ Qxd7 35. Qxd7+ Kg6 36. Qf5+ Kg7 37. e5 1-0

[Event "Pankrac Cup 2016"]
[Site "Prague CZE"]
[Date "2016.10.18"]
[Round "5.11"]
[White "Smid, Miroslav"]
[Black "Starek, Stanislav"]
[Result "1/2-1/2"]
[WhiteElo "2214"]
[BlackElo "2172"]
[WhiteFideId "318906"]
[BlackFideId "349844"]
[EventDate "2016.09.20"]

1. c4 e5 2. g3 Nf6 3. Bg2 d5 4. cxd5 Nxd5 5. Nf3 Nc6 6. O-O Be7 7. d4 exd4 8.
Nxd4 Nxd4 9. Qxd4 Nf6 10. Qa4+ c6 11. Rd1 Bd7 12. Nc3 O-O 13. Bg5 Qe8 14. Qb3
Rb8 15. Qa4 Ra8 16. Rd2 Be6 17. e4 Nd7 18. Bxe7 Qxe7 19. Rad1 Nb6 20. Qc2 Qc5
21. h3 1/2-1/2

[Event "Pankrac Cup 2016"]
[Site "Prague CZE"]
[Date "2016.10.18"]
[Round "5.12"]
[White "Prochazka, Dalibor"]
[Black "Vanek, Tomas"]
[Result "1-0"]
[WhiteElo "2148"]
[BlackElo "2174"]
[WhiteFideId "310352"]
[BlackFideId "313459"]
[EventDate "2016.09.20"]

1. e4 e5 2. f4 d5 3. exd5 exf4 4. Nf3 Nf6 5. Bc4 Qe7+ 6. Qe2 Nbd7 7. Nc3 Qxe2+
8. Nxe2 Bd6 9. d3 Nh5 10. Bd2 a6 11. a4 Ndf6 12. O-O-O O-O 13. b4 Ng4 14. Rde1
Bd7 15. Bb3 Rfe8 16. Rhg1 b5 17. a5 g6 18. Ned4 Ne5 19. Nxe5 Bxe5 20. Nf3 Bd6
21. c4 bxc4 22. dxc4 Rxe1+ 23. Rxe1 Rb8 24. Kc2 c5 25. dxc6 Bxc6 26. c5 Bxf3 27.
gxf3 Bf8 28. Bc4 Ra8 29. Bc3 Ng7 30. Bd5 Rd8 31. Bb7 Nf5 32. Bxa6 Ne3+ 33. Kb3
Rb8 34. Be5 Rxb4+ 35. Kxb4 Nc2+ 36. Kc3 Nxe1 37. c6 Nxf3 38. Bxf4 Bg7+ 39. Kc4
Nd4 40. c7 1-0

[Event "Pankrac Cup 2016"]
[Site "Prague CZE"]
[Date "2016.10.25"]
[Round "6.1"]
[White "Sodoma, Jan"]
[Black "Carlsson, Pontus"]
[Result "1/2-1/2"]
[WhiteTitle "IM"]
[BlackTitle "GM"]
[WhiteElo "2346"]
[BlackElo "2436"]
[WhiteFideId "323195"]
[BlackFideId "1705814"]
[EventDate "2016.09.20"]

1. d4 e6 2. c4 Nf6 3. Nc3 Bb4 4. Qc2 b6 5. e4 c5 6. e5 cxd4 7. a3 Bxc3+ 8. bxc3
Ng8 9. cxd4 Bb7 10. Bb2 Ne7 11. Ne2 Nbc6 12. Ng3 Rc8 13. Bc3 d5 14. exd6 Qxd6
15. Qb2 O-O 16. Be2 f6 17. O-O Ng6 18. Rad1 Nce7 19. Bb4 Qf4 20. Rfe1 Rfe8 21.
Bd2 Qc7 22. Bf1 Nf8 23. a4 Red8 24. Qa1 Ba6 25. Rc1 Qd7 26. Bb4 Nfg6 27. Red1
Nc6 28. Bc3 Nce7 29. Qa2 Kh8 30. a5 Bb7 31. axb6 axb6 32. Qb3 Qc7 33. Rb1 Ba6
34. Bb4 Bxc4 35. Bxc4 Qxc4 36. Qxc4 Rxc4 37. Bxe7 Nxe7 38. Rxb6 Nc6 39. Ne2 Kg8
40. Kf1 Rd7 41. Rb3 Nxd4 42. Nxd4 Rcxd4 43. Rxd4 Rxd4 44. Rb8+ Kf7 45. Rb7+ Kg6
46. g3 e5 47. h4 Rd2 48. Re7 Rd5 49. Ke2 f5 50. Ra7 Rb5 51. Ra6+ Kh5 52. Ra7 Kh6
53. Ra6+ g6 54. Ra7 Rb2+ 55. Kf3 Rb3+ 56. Ke2 Rb1 57. Re7 e4 58. Rf7 Ra1 59. Re7
Ra2+ 60. Ke3 Ra3+ 61. Ke2 Ra8 62. Rf7 Rg8 63. f3 exf3+ 64. Kxf3 Rg7 65. Rf8 Ra7
66. Re8 Ra3+ 67. Kf4 Kh5 68. Re7 h6 69. Rh7 Rb3 70. Rh8 Rc3 71. Rh7 Rd3 72. Rh8
Rd4+ 73. Kf3 Rd3+ 74. Kf4 Ra3 75. Rh7 Rb3 76. Rh8 Rc3 77. Rh7 Rc1 78. Kf3 Rf1+
79. Kg2 Ra1 80. Kf3 Rb1 81. Rh8 Rb4 82. Rh7 Rg4 83. Rh8 Ra4 84. Rh7 Ra8 85. Kf4
Rb8 86. Kf3 Rc8 87. Kf4 Rc1 88. Kf3 Rc8 89. Kf4 Rc4+ 90. Kf3 f4 91. gxf4 Rc3+
92. Kg2 Rd3 93. Rh8 Rd2+ 94. Kg3 Rd1 95. Kg2 Rd7 96. Kg3 Rd6 97. Rh7 Ra6 98. Rh8
Ra4 99. Rh7 Ra3+ 100. Kg2 Ra2+ 1/2-1/2

[Event "Pankrac Cup 2016"]
[Site "Prague CZE"]
[Date "2016.10.25"]
[Round "6.2"]
[White "Michalik, Peter"]
[Black "Rydl, Jiri"]
[Result "1-0"]
[WhiteTitle "GM"]
[BlackTitle "FM"]
[WhiteElo "2554"]
[BlackElo "2394"]
[WhiteFideId "14907526"]
[BlackFideId "346390"]
[EventDate "2016.09.20"]

1. e4 e6 2. d4 d5 3. Nc3 dxe4 4. Nxe4 Nd7 5. Nf3 Ngf6 6. Bd3 c5 7. O-O Nxe4 8.
Bxe4 Nf6 9. Bd3 cxd4 10. Nxd4 Bc5 11. Nb3 Bb6 12. Qf3 O-O 13. Rd1 Qe7 14. Bg5
Rd8 15. Nd2 h6 16. Bh4 g5 17. Bg3 Bd7 18. Qxb7 Nh5 19. Nc4 Nxg3 20. Nxb6 axb6
21. hxg3 Rab8 22. Qe4 Qf6 23. c3 Be8 24. Bc2 e5 25. Qe3 Ra8 26. Bb3 Rab8 27. Re1
Bc6 28. Qxe5 Qxe5 29. Rxe5 Rd2 30. Rd1 1-0

[Event "Pankrac Cup 2016"]
[Site "Prague CZE"]
[Date "2016.10.25"]
[Round "6.3"]
[White "Svatos, Jan"]
[Black "Svoboda, Svatopluk"]
[Result "0-1"]
[BlackTitle "FM"]
[WhiteElo "2256"]
[BlackElo "2441"]
[WhiteFideId "304174"]
[BlackFideId "14903563"]
[EventDate "2016.09.20"]

1. e4 c5 2. Nf3 e6 3. d4 cxd4 4. Nxd4 Nc6 5. Nc3 Qc7 6. g3 a6 7. Bg2 h5 8. O-O
h4 9. Re1 hxg3 10. hxg3 d6 11. Nd5 exd5 12. Nxc6 bxc6 13. exd5+ Ne7 14. dxc6 Bh3
15. Be4 Be6 16. Qf3 Rc8 17. Bf4 Nxc6 18. Rad1 Be7 19. c4 g5 20. Bxd6 Bxd6 21.
Qf6 Rf8 22. Bg6 Nd8 23. Rxe6+ Nxe6 24. Qxe6+ Be7 25. Bh5 Rd8 26. Rxd8+ Kxd8 27.
Qd5+ Qd6 28. Qa8+ Kd7 29. Bg4+ f5 30. Qb7+ Ke6 31. Qe4+ Qe5 32. Qc6+ Bd6 33. Bf3
Rh8 34. Kg2 Qc5 35. Bd5+ Ke7 36. Qb7+ Bc7 37. Qxa6 Qd6 38. Qa7 f4 39. Qd4 Qe5
40. Qc5+ Kd8 41. g4 Qe1 0-1

[Event "Pankrac Cup 2016"]
[Site "Prague CZE"]
[Date "2016.10.25"]
[Round "6.4"]
[White "Vyprachticky, David"]
[Black "Vykouk, Jan"]
[Result "1/2-1/2"]
[BlackTitle "FM"]
[WhiteElo "2279"]
[BlackElo "2428"]
[WhiteFideId "346209"]
[BlackFideId "349658"]
[EventDate "2016.09.20"]

1. e4 c5 2. Nf3 d6 3. d4 cxd4 4. Nxd4 Nf6 5. Nc3 a6 6. h3 e6 7. g4 b5 8. g5 Nfd7
9. Bg2 Bb7 10. O-O Be7 11. f4 Nc6 12. Be3 Nc5 13. Nxc6 Bxc6 14. b4 Nd7 15. a4
O-O 16. axb5 axb5 17. Qd3 Rxa1 18. Rxa1 e5 19. Nd5 exf4 20. Nxe7+ Qxe7 21. Bxf4
Ne5 22. Qd4 Nc4 23. Ra7 Qe6 24. Rc7 Ba8 25. Kh2 Re8 26. Bf3 Qg6 27. h4 h5 28.
Qd1 Qe6 29. Bxh5 g6 30. Bf3 Bxe4 31. Bg4 Bf5 32. Bf3 Be4 33. Bg4 Bf5 34. Bf3 1/2-1/2

[Event "Pankrac Cup 2016"]
[Site "Prague CZE"]
[Date "2016.10.25"]
[Round "6.5"]
[White "Istona, Martin"]
[Black "Dobes, Vojtech"]
[Result "1-0"]
[WhiteTitle "FM"]
[WhiteElo "2183"]
[BlackElo "2220"]
[WhiteFideId "14923475"]
[BlackFideId "333913"]
[EventDate "2016.09.20"]

1. e4 e5 2. Nf3 Nc6 3. d4 exd4 4. Nxd4 Nf6 5. Nc3 Bb4 6. Nxc6 bxc6 7. Bd3 d5 8.
exd5 cxd5 9. O-O O-O 10. h3 h6 11. Qf3 c6 12. Bf4 Bd6 13. Rad1 Rb8 14. b3 Rb4
15. Ne2 Bxf4 16. Nxf4 Qc7 17. Nh5 Ne4 18. a3 Ng5 19. Qg3 Qxg3 20. fxg3 Rb8 21.
Rde1 Ne6 22. g4 Bd7 23. b4 Rfe8 24. Re5 Nc7 25. Rfe1 Rxe5 26. Rxe5 Re8 27. Rxe8+
Nxe8 28. Kf2 g6 29. Nf4 Kf8 30. Ke3 Ke7 31. Kd4 Nc7 32. c4 dxc4 33. Bxc4 Be6 34.
Bxe6 Nxe6+ 35. Nxe6 Kxe6 36. Kc5 Kd7 37. b5 cxb5 38. Kxb5 Kc7 39. Kc5 Kd7 40.
Kd5 g5 41. Ke5 Ke7 42. Kf5 a6 43. g3 Ke8 44. Kf6 Kf8 45. a4 Kg8 46. a5 Kf8 47.
h4 gxh4 48. gxh4 Kg8 49. Ke5 Kf8 50. Kd6 Kg7 51. Kc6 f6 52. h5 1-0

[Event "Pankrac Cup 2016"]
[Site "Prague CZE"]
[Date "2016.10.25"]
[Round "6.6"]
[White "Smutny, Jan"]
[Black "Cernousek, Lukas"]
[Result "1/2-1/2"]
[BlackTitle "IM"]
[WhiteElo "2163"]
[BlackElo "2494"]
[WhiteFideId "310930"]
[BlackFideId "311707"]
[EventDate "2016.09.20"]

1. e4 e5 2. Nf3 Nc6 3. Bb5 a6 4. Ba4 Nf6 5. O-O Be7 6. Re1 b5 7. Bb3 d6 8. c3
O-O 9. h3 Nb8 10. d4 Nbd7 11. a4 Bb7 12. Bc2 Re8 13. Nbd2 Bf8 14. dxe5 dxe5 15.
Qe2 Nc5 16. axb5 axb5 17. Rxa8 Qxa8 18. b4 Na4 19. Qxb5 Nxc3 20. Qc4 Na2 21. Bb3
Nxb4 22. Qxf7+ Kh8 23. Ng5 h6 1/2-1/2

[Event "Pankrac Cup 2016"]
[Site "Prague CZE"]
[Date "2016.10.25"]
[Round "6.8"]
[White "Soural, Jan"]
[Black "Kulhanek, Tomas"]
[Result "1/2-1/2"]
[BlackTitle "IM"]
[WhiteElo "2180"]
[BlackElo "2375"]
[WhiteFideId "311928"]
[BlackFideId "309656"]
[EventDate "2016.09.20"]

1. d4 d6 2. e4 g6 3. c4 Bg7 4. Nc3 Nf6 5. Nf3 O-O 6. Be2 e5 7. O-O Nc6 8. d5 Ne7
9. Ne1 Ne8 10. Be3 f5 11. f3 f4 12. Bf2 h5 13. Nd3 g5 14. c5 Ng6 15. cxd6 cxd6
16. Nb5 a6 17. Nc3 Nf6 18. Na4 g4 19. Bb6 Qe7 20. Rc1 g3 21. Rc7 gxh2+ 22. Kh1
Bd7 23. Ba5 Rac8 24. Rxc8 Bxc8 25. Nb6 Nd7 26. Qb3 Nxb6 27. Qxb6 h4 28. Nf2 Kh8
29. Bb4 Rd8 30. Nh3 Bxh3 31. gxh3 Rc8 32. Bd3 Bf8 33. Kxh2 Qg5 34. Rg1 Qg3+ 35.
Rxg3 fxg3+ 36. Kg1 Rc4 37. Bf1 Bh6 38. Qd8+ Kg7 39. Qd7+ Kg8 40. Qe6+ Kg7 41.
Qd7+ Kg8 42. Qe6+ Kg7 43. Qd7+ Kg8 1/2-1/2

[Event "Pankrac Cup 2016"]
[Site "Prague CZE"]
[Date "2016.10.25"]
[Round "6.9"]
[White "Studnicka, Tomas"]
[Black "Vokoun, Jan"]
[Result "1-0"]
[WhiteTitle "IM"]
[BlackTitle "FM"]
[WhiteElo "2328"]
[BlackElo "2119"]
[WhiteFideId "318949"]
[BlackFideId "301647"]
[EventDate "2016.09.20"]

1. Nf3 d5 2. c4 d4 3. b4 f6 4. e3 c5 5. exd4 cxd4 6. Bd3 e5 7. a3 Ne7 8. O-O Kf7
9. Bc2 a5 10. bxa5 Nbc6 11. d3 Ng6 12. Nbd2 Be7 13. Bb3 Be6 14. c5 Nxa5 15.
Bxe6+ Kxe6 16. Ne4 Qd5 17. Rb1 Rhd8 18. Bd2 Rd7 19. Bb4 Kf7 20. Nfd2 Nf4 21.
Bxa5 Rxa5 22. Nc4 Ra6 23. g3 Nh3+ 24. Kg2 Ng5 25. f3 Nxe4 26. fxe4 Qxc5 27. Qh5+
Kf8 28. Nxe5 1-0

[Event "Pankrac Cup 2016"]
[Site "Prague CZE"]
[Date "2016.10.25"]
[Round "6.10"]
[White "Gregor, Jiri"]
[Black "Polasek, Jaroslav"]
[Result "1/2-1/2"]
[WhiteTitle "FM"]
[BlackTitle "IM"]
[WhiteElo "2219"]
[BlackElo "2320"]
[WhiteFideId "304638"]
[BlackFideId "300411"]
[EventDate "2016.09.20"]

1. d4 Nf6 2. c4 e6 3. Nc3 Bb4 4. Qc2 O-O 5. e4 Bxc3+ 6. bxc3 d6 7. Bd3 e5 8. Ne2
Nbd7 9. Ng3 Re8 10. O-O c5 11. f4 Nf8 12. h3 cxd4 13. cxd4 Ne6 14. dxe5 dxe5 15.
fxe5 Nd7 16. Qf2 Nxe5 17. Be2 f6 18. Nf5 Qc7 19. Be3 Ng5 20. Bxg5 Bxf5 21. exf5
fxg5 22. Rab1 b6 23. Rfc1 Rac8 24. c5 bxc5 25. Ba6 Rcd8 26. Rxc5 Qd6 27. Be2 Nd3
28. Bxd3 Qxd3 29. Qc2 Qxc2 30. Rxc2 Rd7 31. Rb3 Kf7 32. Rbc3 Kf6 1/2-1/2

[Event "Pankrac Cup 2016"]
[Site "Prague CZE"]
[Date "2016.10.25"]
[Round "6.11"]
[White "Hosticka, Frantisek"]
[Black "Prochazka, Dalibor"]
[Result "0-1"]
[WhiteElo "2184"]
[BlackElo "2148"]
[WhiteFideId "302295"]
[BlackFideId "310352"]
[EventDate "2016.09.20"]

1. e4 Nc6 2. Nf3 e5 3. Bb5 Bc5 4. O-O Nd4 5. Nxd4 Bxd4 6. c3 Bb6 7. d4 c6 8. Ba4
d6 9. dxe5 dxe5 10. Qh5 Qe7 11. Bb3 h6 12. Na3 Nf6 13. Qh4 Bd7 14. Nc4 Bc7 15.
f4 Nxe4 16. Qxe7+ Kxe7 17. Re1 f5 18. Nxe5 Bxe5 19. fxe5 Be6 20. Bc2 Rhd8 21.
Be3 b6 22. a4 Nd2 23. Re2 Nc4 24. Bc1 Rd7 25. b3 Na5 26. Rb1 Rad8 27. Rf2 Rd5
28. c4 Rd1+ 29. Bxd1 Rxd1+ 30. Rf1 Rxf1+ 31. Kxf1 Nxb3 32. Kf2 Bxc4 33. Ba3+ c5
34. Rd1 Na5 35. Bb2 Bb3 36. Ra1 Nc4 37. Bc3 a6 38. e6 g6 39. a5 b5 40. Re1 Nd6
41. Bg7 h5 42. Kf3 Ne4 43. h3 Ng5+ 44. Kf2 Bxe6 45. h4 Ne4+ 46. Kf3 Kd6 47. Rd1+
Bd5 48. Kf4 b4 49. Bf8+ Kc6 50. Ke5 Bb3 51. Rd8 Kb5 52. Rc8 Ba2 53. Be7 Kxa5 54.
Bxc5 Nxc5 55. Rxc5+ Kb6 56. Rc8 Kb7 57. Rd8 b3 58. Rd4 a5 59. Rd2 a4 60. Rd4 a3
61. Kf6 b2 62. Rb4+ Kc6 63. Kxg6 b1=Q 0-1

[Event "Pankrac Cup 2016"]
[Site "Prague CZE"]
[Date "2016.10.25"]
[Round "6.12"]
[White "Vanek, Tomas"]
[Black "Smid, Miroslav"]
[Result "0-1"]
[WhiteElo "2174"]
[BlackElo "2214"]
[WhiteFideId "313459"]
[BlackFideId "318906"]
[EventDate "2016.09.20"]

1. e3 g6 2. f4 Bg7 3. Nf3 d5 4. d4 Nf6 5. b4 O-O 6. Bb2 b6 7. Nbd2 c5 8. Ne5
cxb4 9. g4 Qc7 10. Rc1 Nc6 11. c4 Nxe5 12. dxe5 Nxg4 13. cxd5 Qd8 14. Qf3 Nh6
15. Rg1 Bb7 16. e4 Rc8 17. Nc4 f5 18. Ne3 Rxc1+ 19. Bxc1 fxe4 20. Qxe4 e6 21.
Bc4 Qh4+ 22. Rg3 Qxh2 23. Nf1 Qh4 24. Qd3 exd5 25. Bxd5+ Bxd5 26. Qxd5+ Kh8 27.
f5 Rxf5 28. Bg5 Rxf1+ 29. Kxf1 Qxg3 30. Qd8+ Ng8 0-1

[Event "Pankrac Cup 2016"]
[Site "Prague CZE"]
[Date "2016.11.01"]
[Round "7.1"]
[White "Carlsson, Pontus"]
[Black "Svoboda, Svatopluk"]
[Result "1/2-1/2"]
[WhiteTitle "GM"]
[BlackTitle "FM"]
[WhiteElo "2436"]
[BlackElo "2441"]
[WhiteFideId "1705814"]
[BlackFideId "14903563"]
[EventDate "2016.09.20"]

1. e4 c5 2. Nf3 e6 3. b3 Nc6 4. Bb2 Qc7 5. c4 a6 6. g3 Rb8 7. Bg2 b5 8. cxb5
axb5 9. O-O b4 10. d4 cxd4 11. Nxd4 Ba6 12. Nxc6 dxc6 13. Re1 1/2-1/2

[Event "Pankrac Cup 2016"]
[Site "Prague CZE"]
[Date "2016.11.01"]
[Round "7.2"]
[White "Vykouk, Jan"]
[Black "Sodoma, Jan"]
[Result "1-0"]
[WhiteTitle "FM"]
[BlackTitle "IM"]
[WhiteElo "2428"]
[BlackElo "2346"]
[WhiteFideId "349658"]
[BlackFideId "323195"]
[EventDate "2016.09.20"]

1. e4 e5 2. Nf3 Nc6 3. Bc4 Bc5 4. c3 Nf6 5. d4 exd4 6. cxd4 Bb4+ 7. Bd2 Bxd2+ 8.
Nbxd2 d5 9. exd5 Nxd5 10. O-O O-O 11. Rc1 Nb6 12. Bb3 a5 13. Ne5 a4 14. Nxc6
bxc6 15. Bc2 Qxd4 16. Qh5 g6 17. Qg5 Qxb2 18. Ne4 Nd5 19. Bb1 Ra6 20. h4 Qg7 21.
a3 Kh8 22. Bd3 Rb6 23. Nc5 h6 24. Qg3 Qf6 25. Rc4 Qd6 26. Qf3 h5 27. Rfc1 Ba6
28. Nxa6 Rxa6 29. g4 hxg4 30. Rxg4 Ra5 31. h5 g5 32. Bb1 Ne7 33. Re1 Re5 34.
Rge4 Rf5 35. Qc3+ f6 36. Rxe7 Rxf2 37. Rh7+ 1-0

[Event "Pankrac Cup 2016"]
[Site "Prague CZE"]
[Date "2016.11.01"]
[Round "7.3"]
[White "Rydl, Jiri"]
[Black "Istona, Martin"]
[Result "1/2-1/2"]
[WhiteTitle "FM"]
[BlackTitle "FM"]
[WhiteElo "2394"]
[BlackElo "2183"]
[WhiteFideId "346390"]
[BlackFideId "14923475"]
[EventDate "2016.09.20"]

1. c4 c5 2. g3 Nc6 3. Bg2 g6 4. Nc3 Bg7 5. Nf3 e6 6. d4 cxd4 7. Nb5 d5 8. cxd5
exd5 9. O-O Nge7 10. Bf4 O-O 11. Nfxd4 Nxd4 12. Nxd4 Qb6 13. Nb3 Bxb2 14. Rb1
Bf6 15. Be3 Qd8 16. Bd4 Bxd4 17. Qxd4 b6 18. Rfd1 Be6 19. Qf4 Qd7 20. Rb2 Rfd8
21. Rbd2 Rac8 22. Qf6 Qd6 23. h3 Rd7 24. Nd4 Rcd8 25. e4 Nc6 26. Nxc6 Qxc6 27.
exd5 Bxd5 28. Qe5 Qe6 29. Qc3 Qc6 30. Qe5 Qe6 31. Qc3 Qc6 32. Qe5 Qe6 1/2-1/2

[Event "Pankrac Cup 2016"]
[Site "Prague CZE"]
[Date "2016.11.01"]
[Round "7.4"]
[White "Vyprachticky, David"]
[Black "Michalik, Peter"]
[Result "0-1"]
[BlackTitle "GM"]
[WhiteElo "2279"]
[BlackElo "2554"]
[WhiteFideId "346209"]
[BlackFideId "14907526"]
[EventDate "2016.09.20"]

1. e4 e5 2. Nf3 Nc6 3. d4 exd4 4. Nxd4 Nf6 5. Nxc6 bxc6 6. e5 Qe7 7. Qe2 Nd5 8.
c4 Nb6 9. b3 g6 10. Ba3 d6 11. c5 dxc5 12. Nd2 Bg7 13. f4 g5 14. Ne4 gxf4 15.
Bxc5 Qxe5 16. Bd4 Qa5+ 17. b4 Qxb4+ 18. Nd2+ Kf8 19. Bxg7+ Kxg7 20. Qe5+ f6 21.
Qxc7+ Bd7 22. Be2 Rac8 23. Qxa7 Ra8 24. Qc7 Rhc8 25. Qb7 Qd4 26. Rd1 Re8 0-1

[Event "Pankrac Cup 2016"]
[Site "Prague CZE"]
[Date "2016.11.01"]
[Round "7.5"]
[White "Cernousek, Lukas"]
[Black "Svatos, Jan"]
[Result "0-1"]
[WhiteTitle "IM"]
[WhiteElo "2494"]
[BlackElo "2256"]
[WhiteFideId "311707"]
[BlackFideId "304174"]
[EventDate "2016.09.20"]

1. e4 e6 2. d4 d5 3. Nc3 Bb4 4. e5 c5 5. a3 Bxc3+ 6. bxc3 Ne7 7. Qg4 O-O 8. Bd3
c4 9. Be2 Bd7 10. h4 Kh8 11. Nh3 Ba4 12. Bd1 Nbc6 13. Nf4 Qe8 14. Nh5 Nf5 15.
Bg5 h6 16. Qf4 Nce7 17. g4 Ng6 18. Qd2 f6 19. gxf5 fxg5 20. fxg6 Qxg6 21. hxg5
Qe4+ 22. Qe3 Qxh1+ 23. Kd2 hxg5 24. Qxg5 Rxf2+ 25. Be2 Qg2 26. Qxg2 Rxg2 27. Rh1
Kg8 28. Nf4 Rg3 29. Nxe6 Re8 30. Nc7 Rd8 31. e6 Bc6 32. e7 Rc8 33. e8=Q+ Rxe8
34. Nxe8 Bxe8 35. Rf1 Bd7 36. Rf4 Be6 37. Bf3 Rg1 38. Rh4 g6 39. Rh2 Rg3 40. Re2
Kf7 41. Bh1 Kf6 42. Rf2+ Ke7 43. Rh2 Kd6 44. Rh7 Rh3 45. Rxh3 Bxh3 46. Bf3 Bf5
47. Bd1 Be4 0-1